000 01039nam a22002417a 4500
999 _c5050
_d5050
003 AR-CdUCM
008 190311b ||||| |||| 00| 0 spa d
020 _a1 85287 238 1
040 _aMUNICIPALIDAD PROVINCIAL DEL CUSCO
_cBIBLIOTECA MUNICIPAL DEL CUSCO
082 _a372.98 /
_bC528
100 _aChauvin, Lucien O.
_915423
245 _aEducación para el futuro :
_bMedio ambiente y desarrollo sustentable en el Perú /
260 _aLima :
_bTarea gráfica educativa,
_c2000.
300 _a125 paginas ;
_bIlustraciones,
_c23 cm.
505 _aSan Mateo: participación ciudadana en el desarrollo local -- El valle verde de Lima -- Educación ambiental en los andes: una experiencia de cooperación -- Educación ambiental para el desarrollo y la democracia ...
650 _aEducación ambiental
_915424
650 _aParticipación ciudadana
_94011
650 _aDemocracia
_92598
650 _aDesarrollo local
_913215
710 _aCatholic institute for international relations
_915425
942 _2ddc
_cLIBROS
945 _aacv